| 000 | 00440nam a2200169Ia 4500 | ||
|---|---|---|---|
| 001 | 8398 | ||
| 003 | IN-NITTTR | ||
| 005 | 20251114233037.0 | ||
| 008 | 251113s9999||||xx |||||||||||||| ||eng|| | ||
| 040 | _beng | ||
| 040 | _cIN-NITTTR | ||
| 041 | _aeng | ||
| 082 | _a171.3 B835S | ||
| 100 | _aBrunton, Paul | ||
| 245 | 4 |
_aThe secret path : _b a technique of spiritual self-discovered for the modern world / _cBrunton, Paul |
|
| 942 |
_2ddc _cBK |
||
| 999 |
_c11036 _d11036 |
||